|
|
|
|
| LEADER |
00000naa2a2200000 4500 |
| 001 |
617856 |
| 005 |
20240206113239.0 |
| 035 |
|
|
|a (RuTPU)RU\TPU\conf\16215
|
| 035 |
|
|
|a RU\TPU\conf\16214
|
| 090 |
|
|
|a 617856
|
| 100 |
|
|
|a 20160421d2016 k y0rusy50 ca
|
| 101 |
0 |
|
|a rus
|
| 102 |
|
|
|a RU
|
| 105 |
|
|
|a y z 101zy
|
| 135 |
|
|
|a drgn ---uucaa
|
| 181 |
|
0 |
|a i
|
| 182 |
|
0 |
|a b
|
| 200 |
1 |
|
|a Влияние пористости пласта на амплитудный спектр сейсмического сигнала
|f А. А. Ислямова, М. М. Немирович-Данченко
|
| 203 |
|
|
|a Текст
|c электронный
|
| 225 |
1 |
|
|a Геофизика и геология нефтегазовых провинций и месторождений
|
| 300 |
|
|
|a Заглавие с экрана
|
| 320 |
|
|
|a [Библиогр.: с. 126 (4 назв.)]
|
| 330 |
|
|
|a В работе изучено влияние пористого слоя во вмещающей однородной среде на сейсмический сигнал. Поры распределены случайным образом. Для отраженной волны анализируются спектры Прони и Фурье. Показано, что и для пористых слоев, как и для слоев с трещинами, существенно уменьшаются амплитуды некоторых частот. Аналогичное изменение спектра было отмечено ранее при лабораторном моделировании прохождения сейсмической волны через образец песчаника. В целом можно говорить о спектральном проявлении зон с повышенным затуханием в определенной полосе частот. Это позволяет построить алгоритм фильтрации реальных временных разрезов для выявления потенциальных зон с повышенным затуханием (поглощением) сигнала.
|
| 463 |
|
0 |
|0 (RuTPU)RU\TPU\conf\16136
|t Геофизические методы при разведке недр
|o материалы Всероссийской научно-практической конференции с международным участием, посвященной 70-летию основания в Томском политехническом институте кафедры "Геофизические методы поисков и разведки месторождений полезных ископаемых", 20–23 апреля 2016 г., Томск
|f Национальный исследовательский Томский политехнический университет (ТПУ)
|v [С. 123-126]
|d 2016
|
| 610 |
1 |
|
|a труды учёных ТПУ
|
| 610 |
1 |
|
|a электронный ресурс
|
| 610 |
1 |
|
|a амплитудный спектр
|
| 610 |
1 |
|
|a сейсмические сигналы
|
| 610 |
1 |
|
|a фильтрация
|
| 610 |
1 |
|
|a пористые слои
|
| 610 |
1 |
|
|a спектральное проявление
|
| 700 |
|
1 |
|a Ислямова
|b А. А.
|c геофизик
|c ассистент Томского политехнического университета
|f 1990-
|g Александра Андреевна
|3 (RuTPU)RU\TPU\pers\35501
|9 18683
|
| 701 |
|
1 |
|a Немирович-Данченко
|b М. М.
|c геофизик
|c профессор Томского политехнического университета, доктор физико-математических наук
|f 1955-
|g Михаил Михайлович
|3 (RuTPU)RU\TPU\pers\32023
|
| 712 |
0 |
2 |
|a Национальный исследовательский Томский политехнический университет (ТПУ)
|b Институт природных ресурсов (ИПР)
|b Кафедра геофизики (ГЕОФ)
|3 (RuTPU)RU\TPU\col\18667
|
| 801 |
|
2 |
|a RU
|b 63413507
|c 20160505
|g RCR
|
| 856 |
4 |
|
|u http://earchive.tpu.ru/handle/11683/21648
|
| 942 |
|
|
|c BK
|